000
00227nam a2200097Ia 4500
005
20251222114412.0
008
251222s1900||||xx |||||||||||||| ||spa||
082
_a
DVD0070/K53/T.1
245
0
_a
Soy El SeƱor, Tu Dios:
942
_c
DVD
999
_c
2080
_d
2080